Social science information

Enregistré dans:
Détails bibliographiques
Format: Publication en série
Langue:anglais
Publié: London SAGE Publ. 1996
Sujets:
Tags: Ajouter un tag
Pas de tags, Soyez le premier à ajouter un tag!

MARC

LEADER 00000nas2a2200000 4500
001 s107496
005 20221221071600.2
022 |a 0539-0184 
041 0 |a eng 
044 |a US 
245 1 0 |a Social science information 
264 1 |a London  |b SAGE Publ.  |c 1996 
300 |a 1 zv. 
773 0 |w eu_un_cat*s120228 
610 2 0 |a vedy spoločenské